Normal view
MARC view
- Geotechnical engineering
Entry Topical Term
001 - CONTROL NUMBER
- control field: 90432
003 - CONTROL NUMBER IDENTIFIER
- control field: NUST
005 - DATE AND TIME OF LATEST TRANSACTION
- control field: 20220307164543.0
008 - FIXED-LENGTH DATA ELEMENTS
- fixed length control field: 220307|| aca||aabn | a|a d
040 ## - CATALOGING SOURCE
- Original cataloging agency: NUST
- Transcribing agency: NUST
150 ## - HEADING--TOPICAL TERM
- Topical term or geographic name entry element: Geotechnical engineering
- Form subdivision: Textbooks
670 ## - SOURCE DATA FOUND
- Source citation: Work cat.: (NUST)0: Fernandes, Manuel Matos, author. 90431, Analysis and design of geotechnical structures /
